000 00497nam a2200193Ia 4500
008 240729s9999 xx 000 0 und d
022 _a1949-1042
245 0 _aNucleus
260 _aUnited Kingdom
260 _bTaylor & Francis Group
650 _a Biology (General)
650 _a Biology (General)
650 _a Cytology
650 _a Genetics | Science
650 _aScience
856 _uhttps://doaj.org/toc/2cacd42dba294f48a3a629edf59f2481
942 _2ddc
942 _cDOAJEJ
999 _c69085
_d69085
945 _a1
_bMadushi Gamage
_c1
_dMadushi Gamage